Normal view
MARC view
Entry Personal Name
001 - CONTROL NUMBER
- control field: 1239369
003 - CONTROL NUMBER IDENTIFIER
- control field: OSt
005 - DATE AND TIME OF LATEST TRANSACTION
- control field: 20260514122510.0
008 - FIXED-LENGTH DATA ELEMENTS
- fixed length control field: 260514|| aca||aabn | a|a d
040 ## - CATALOGING SOURCE
- Original cataloging agency: OSt
- Transcribing agency: OSt
100 ## - HEADING--PERSONAL NAME
- Personal name: Sinha Dr.Srita
670 ## - SOURCE DATA FOUND
- Source citation: Work cat.: (OSt)1851437: Sinha Dr.Srita , Clinical Evaluation of Factors to Predict Successful Vaginal Birth After Cesarean (VBAC) in Cases of Previous one Lower Segment Cesarean Section (LSCS).
